[Event "Druzynowe Mistrzostwa Polski Juniorow - Ekstraliga"]
[Site "Osrodek Wczasowo - Szkoleniowy "Relax" ul. Stroma 20, 43-450 Ustron"]
[Date "2011-06-27"]
[Round "2.1"]
[White "Swiercz, Dariusz"]
[Black "Klepaczka, Tomasz"]
[Result "1-0"]
[WhiteTitle "GM"]
[BlackTitle "I++"]
[WhiteElo "2553"]
[BlackElo "2119"]

1. Nf3 Nf6 2. c4 g6 3. Nc3 d5 4. cxd5 Nxd5 5. Qa4+ Nc6 6. Nxd5 Qxd5 7. e4 Qa5 8.
Qxa5 Nxa5 9. d4 Bg7 10. Bd2 Nc6 11. Bc3 Bg4 12. Bb5 Bxf3 13. gxf3 O-O-O 14. Bxc6
bxc6 15. Rd1 Rd6 16. Ke2 Rhd8 17. e5 Rd5 18. b4 f6 19. f4 Bh6 20. Kf3 Rf8 21.
Kg3 Kd7 22. Rhe1 fxe5 23. fxe5 Bf4+ 24. Kg2 Rf5 25. h3 Ke6 26. Rd3 Rd8 27. Re2
Kd7 28. Rc2 Kc8 29. Rf3 Bh6 30. Rxf5 gxf5 31. b5 c5 32. dxc5 Rd5 33. Bb2 e6 34.
a4 c6 35. Rc4 Bf8 36. Bd4 Kb7 37. f4 a6 38. b6 Rd7 39. a5 h5 40. Kf2 Rd5 41. Ke2
Bh6 42. Be3 Bf8 43. Rc1 Rd7 44. Rg1 Rg7 45. Rg5 Rh7 46. Rg8 Be7 47. Rg6 Rf7 48.
Rxe6 Rg7 49. Bf2 1-0

[Event "Druzynowe Mistrzostwa Polski Juniorow - Ekstraliga"]
[Site "Osrodek Wczasowo - Szkoleniowy "Relax" ul. Stroma 20, 43-450 Ustron"]
[Date "2011-06-27"]
[Round "2.2"]
[White "Budzinski, Jan"]
[Black "Wieczorek, Oskar"]
[Result "0-1"]
[WhiteTitle "I"]
[BlackTitle "m"]
[WhiteElo "1960"]
[BlackElo "2383"]

1. e4 d6 2. d4 Nf6 3. Nc3 g6 4. Be3 c6 5. Qd2 b5 6. f3 Nbd7 7. g4 Nb6 8. h4 h5
9. g5 Nfd7 10. f4 Bb7 11. d5 a6 12. a4 cxd5 13. axb5 dxe4 14. bxa6 Bg7 15. Bb5
Bxc3 16. Qxc3 O-O 17. Ne2 Nd5 18. Qd2 Nxe3 19. Qxe3 Nc5 20. Nd4 Nxa6 21. f5 Qb6
22. fxg6 fxg6 23. Bxa6 Rxa6 24. Rxa6 Qxa6 25. Kd2 e5 26. Qb3+ Kh8 0-1

[Event "Druzynowe Mistrzostwa Polski Juniorow - Ekstraliga"]
[Site "Osrodek Wczasowo - Szkoleniowy "Relax" ul. Stroma 20, 43-450 Ustron"]
[Date "2011-06-27"]
[Round "2.3"]
[White "Khamidov, Komil"]
[Black "Osinski, Emil"]
[Result "1/2-1/2"]
[WhiteTitle "I"]
[BlackTitle "II"]
[WhiteElo "2040"]
[BlackElo "1685"]

1. e4 c5 2. Nf3 e6 3. d4 cxd4 4. Nxd4 Nf6 5. Nc3 Bb4 6. Bd3 Nc6 7. Be3 d5 8. exd5
Nxd5 9. Nxc6 bxc6 10. O-O Bxc3 11. bxc3 Nxe3 12. fxe3 O-O 13. Qf3 Qc7 14. Be4
Ba6 15. Rfd1 Rac8 16. Qh5 f5 17. Bd3 Bxd3 18. Rxd3 Rcd8 19. Rad1 Rxd3 20. Rxd3
Qb6 21. g3 e5 22. Kg2 e4 23. Rd7 Qxe3 24. c4 f4 25. Rxg7+ Kxg7 26. Qg5+ Kf7 27.
Qf5+ Ke7 28. Qe5+ Kd7 29. Qg7+ Ke6 30. Qxf8 f3+ 31. Kh3 Qe2 32. Qe8+ Kd6 33. Qf8+
Kc7 1/2-1/2

[Event "Druzynowe Mistrzostwa Polski Juniorow - Ekstraliga"]
[Site "Osrodek Wczasowo - Szkoleniowy "Relax" ul. Stroma 20, 43-450 Ustron"]
[Date "2011-06-27"]
[Round "2.4"]
[White "Osinski, Kamil"]
[Black "Kulas, Szymon"]
[Result "0-1"]
[WhiteTitle "II+"]
[BlackTitle "I"]
[WhiteElo "1708"]
[BlackElo "1945"]

1. d4 Nf6 2. c4 g6 3. Nc3 Bg7 4. e4 d6 5. f3 O-O 6. Be3 a6 7. Qd2 Nbd7 8. O-O-O
e5 9. d5 Nc5 10. Kb1 Bd7 11. Bg5 Qe8 12. g4 b5 13. h4 bxc4 14. Bxc4 Bb5 15. Be2
Rb8 16. h5 Nfd7 17. hxg6 fxg6 18. Bh6 Rf7 19. Nxb5 axb5 20. Bxg7 Rxg7 21. Nh3
b4 22. b3 Nf8 23. Ng5 Rb7 24. Rh2 Qa8 25. Rdh1 Ra7 26. Bc4 Qd8 27. f4 Qf6 28.
fxe5 Qxe5 29. Re2 Ra8 30. Rf1 Re8 31. Qf4 h6 32. Ne6 Qxf4 33. Rxf4 Nfxe6 34. dxe6
Nxe6 35. Rf6 Rge7 36. Rxg6+ Kh7 37. Rxe6 Rxe6 38. Bxe6 Rxe6 39. Kc2 Kg6 40. Kd3
Kg5 41. Rg2 c5 42. Rg3 Kf4 43. Rg1 Rg6 44. Rh1 Kxg4 45. Rg1+ Kh5 46. Rh1+ Kg5
47. Rg1+ Kf6 48. Rf1+ Ke6 49. Rf4 Rg3+ 50. Kc4 Rc3+ 51. Kb5 Rc2 52. Rh4 Rxa2 53.
Rxh6+ Ke5 54. Rh4 Rb2 55. Kc4 Rc2+ 56. Kb5 Rc3 57. Ka4 Re3 58. Rg4 Rxe4 59. Rg3
Kd4 0-1

[Event "Druzynowe Mistrzostwa Polski Juniorow - Ekstraliga"]
[Site "Osrodek Wczasowo - Szkoleniowy "Relax" ul. Stroma 20, 43-450 Ustron"]
[Date "2011-06-27"]
[Round "2.5"]
[White "Iwanow, Anna"]
[Black "Tarnowska, Aleksandra"]
[Result "1-0"]
[WhiteTitle "WFM"]
[BlackTitle "I"]
[WhiteElo "2162"]
[BlackElo "1814"]

1. e4 e5 2. Nf3 Nc6 3. Bb5 a6 4. Ba4 Nf6 5. O-O Be7 6. Re1 b5 7. Bb3 O-O 8. d3
d6 9. c3 Bg4 10. h3 Bh5 11. g4 Bg6 12. Nbd2 Na5 13. Bc2 c5 14. Nf1 h6 15. Ng3
Nh7 16. d4 Qc7 17. h4 f6 18. d5 Be8 19. Nf5 Qd8 20. Nh2 Bd7 21. Kh1 Kh8 22. Rg1
Rf7 23. Nf1 Qf8 24. N1g3 g5 25. Rg2 Bd8 26. b3 Rb8 27. Qg1 c4 28. b4 Nb7 29. Be3
a5 30. a3 Bc7 31. Rh2 Bxf5 32. Nxf5 Ra8 33. hxg5 hxg5 34. Rh3 Ra6 35. Kg2 Bd8
36. Qh2 Qe8 37. Rh1 Qd7 38. Nh6 Rg7 39. Nf5 Rf7 40. Nh6 Rg7 41. Qg3 axb4 42. axb4
Be7 43. Qf3 Nd8 44. Nf5 Rf7 45. Nxe7 Qxe7 46. Qf5 Ra8 47. Bb1 Nb7 48. Rh6 Kg8
49. f4 gxf4 50. Bxf4 exf4 51. e5 fxe5 52. Qe4 f3+ 53. Kf2 Rg7 54. Rxh7 Qg5 55.
Rh8+ Kf7 56. Rxa8 Qd2+ 57. Kg3 Ke7 58. Ra7 1-0

[Event "Druzynowe Mistrzostwa Polski Juniorow - Ekstraliga"]
[Site "Osrodek Wczasowo - Szkoleniowy "Relax" ul. Stroma 20, 43-450 Ustron"]
[Date "2011-06-27"]
[Round "2.6"]
[White "Szymczak, Paula"]
[Black "Dadello, Aleksandra"]
[Result "0-1"]
[WhiteTitle "I"]
[BlackTitle "I+"]
[WhiteElo "1705"]
[BlackElo "1802"]

1. e4 e6 2. d4 d5 3. Nd2 c5 4. exd5 Qxd5 5. Ngf3 cxd4 6. Bc4 Qd6 7. O-O Nf6 8.
Nb3 Nc6 9. Nbxd4 Nxd4 10. Nxd4 a6 11. a4 Qc7 12. b3 Bd6 13. g3 e5 14. Ne2 Bh3
15. Nc3 Qc6 16. Nd5 O-O-O 17. Ne3 Bc5 18. Qe2 h5 19. Bd2 h4 20. f3 hxg3 21. hxg3
Ng4 22. Rae1 Bxf1 23. Qxf1 Rxd2 0-1

[Event "Druzynowe Mistrzostwa Polski Juniorow - Ekstraliga"]
[Site "Osrodek Wczasowo - Szkoleniowy "Relax" ul. Stroma 20, 43-450 Ustron"]
[Date "2011-06-27"]
[Round "2.7"]
[White "Matuszewski, Michal"]
[Black "Dowgird, Filip"]
[Result "1-0"]
[WhiteTitle "m"]
[BlackTitle "k"]
[WhiteElo "2319"]
[BlackElo "2110"]

1. d4 Nf6 2. c4 d6 3. Nf3 Nbd7 4. Nc3 e5 5. e4 Be7 6. Be2 O-O 7. O-O c6 8. Be3
a6 9. d5 cxd5 10. cxd5 b5 11. Nd2 Ne8 12. b4 Bg5 13. Bxg5 Qxg5 14. a4 bxa4 15.
Nf3 Qd8 16. Qxa4 f5 17. exf5 Rxf5 18. Nd2 Rb8 19. Rab1 Rf4 20. g3 Rf8 21. Nce4
Ndf6 22. Rfc1 Bb7 23. Bxa6 Ra8 24. b5 Bxd5 25. b6 Nxe4 26. Nxe4 Rxa6 27. Qxa6
Bxe4 28. b7 Bxb1 29. Rc8 Qf6 30. Qe2 Bd3 31. Qa2+ d5 32. b8=Q Bc4=Q 33. Rxc4 dxc4
34. Qxc4+ Kh8 35. Qc5 e4 36. Qbe5 Qf3 37. Qxe4 Qd1+ 38. Kg2 Nd6 39. Qec6 Qd2 40.
h4 h6 41. Qd7 Rf6 42. Qg4 Nf5 43. Qc8+ Kh7 44. Qe4 h5 45. Qc7 Kg8 46. Qe8+ Rf8
47. Qc4+ Kh7 48. Qxh5+ Nh6 49. Qhe2 1-0

[Event "Druzynowe Mistrzostwa Polski Juniorow - Ekstraliga"]
[Site "Osrodek Wczasowo - Szkoleniowy "Relax" ul. Stroma 20, 43-450 Ustron"]
[Date "2011-06-27"]
[Round "2.8"]
[White "Mondrzycki, Bartlomiej"]
[Black "Matuszczyk, Przemyslaw"]
[Result "1-0"]
[WhiteTitle "I"]
[BlackTitle "I++"]
[WhiteElo "2048"]
[BlackElo "2032"]

1. d4 d5 2. Nf3 Nf6 3. Bf4 Bg4 4. e3 e6 5. Nbd2 Be7 6. h3 Bh5 7. Be2 Nbd7 8. O-O
O-O 9. c3 Ne4 10. Nxe4 dxe4 11. Nd2 Bg6 12. Qc2 Nf6 13. Be5 Nd7 14. Bh2 Nf6 15.
Qb3 b6 16. Nc4 Bd6 17. Ne5 Nd7 18. Nxg6 hxg6 19. f3 exf3 20. Bxf3 Rb8 21. Rf2
Qe7 22. Raf1 Bxh2+ 23. Kxh2 Nf6 24. e4 e5 25. d5 Qd7 26. c4 g5 27. Qe3 g4 28.
Bd1 gxh3 29. Rxf6 gxf6 30. Qg3+ Kh8 31. Qh4+ Kg8 32. Rf3 Rfd8 33. Qh6 1-0

[Event "Druzynowe Mistrzostwa Polski Juniorow - Ekstraliga"]
[Site "Osrodek Wczasowo - Szkoleniowy "Relax" ul. Stroma 20, 43-450 Ustron"]
[Date "2011-06-27"]
[Round "2.9"]
[White "Cieslak, Patrycjusz"]
[Black "Piotrowski, Przemyslaw"]
[Result "1-0"]
[WhiteTitle "II"]
[BlackTitle "II+"]
[WhiteElo "1734"]
[BlackElo "1953"]

1. d4 Nf6 2. Nc3 d5 3. Bg5 Bf5 4. f3 Nbd7 5. Nxd5 Nxd5 6. e4 h6 7. Bh4 Ne3 8. Qd3
Nxf1 9. exf5 Nxh2 10. Rxh2 Nb6 11. O-O-O Qd6 12. Rh3 Nd5 13. Ne2 O-O-O 14. Kb1
g5 15. fxg6 fxg6 16. Bg3 Qb6 17. c4 Nb4 18. Qd2 g5 19. a3 Qg6+ 20. Ka1 Nc2+ 21.
Ka2 Bg7 22. d5 g4 23. fxg4 Qe4 24. Qf4 Qxf4 25. Nxf4 Bf6 26. Ne6 Rdg8 27. Bf4
Rxg4 28. g3 b6 29. Kb1 Nxa3+ 30. bxa3 1-0

[Event "Druzynowe Mistrzostwa Polski Juniorow - Ekstraliga"]
[Site "Osrodek Wczasowo - Szkoleniowy "Relax" ul. Stroma 20, 43-450 Ustron"]
[Date "2011-06-27"]
[Round "2.10"]
[White "Gajdamowicz, Patrick"]
[Black "Koziol, Kamil"]
[Result "1-0"]
[WhiteTitle "I"]
[BlackTitle "II"]
[WhiteElo "1869"]
[BlackElo "1768"]

1. d4 d5 2. c4 e6 3. Nc3 c5 4. cxd5 cxd4 5. Qa4+ Bd7 6. Qxd4 exd5 7. Qxd5 Nc6 8.
Bg5 Nge7 9. Qd2 f6 10. Bf4 Ng6 11. Rd1 Nxf4 12. Qxf4 Bb4 13. Qe4+ Kf7 14. e3 Bxc3+
15. bxc3 Qe7 16. Bc4+ Be6 17. Qxe6+ Qxe6 18. Rd7+ Ne7 19. Bxe6+ Kxe6 20. Rxb7
Rab8 21. Rb3 Kd5 22. Kd2 Nc6 23. Ne2 Na5 24. Rb4 Nc4+ 25. Kd3 Ne5+ 26. Kd2 Nc4+
27. Kc2 g5 28. Nd4 a5 29. e4+ Kc5 30. Nb3+ Kd6 31. Rxc4 Ra8 32. Rd1+ Ke5 33. Ra4
h5 34. Rd5+ Kf4 35. Rf5+ Kg4 36. f3+ Kh4 37. e5+ g4 38. Nc1 fxe5 39. Nd3 e4 40.
Nf2 1-0

[Event "Druzynowe Mistrzostwa Polski Juniorow - Ekstraliga"]
[Site "Osrodek Wczasowo - Szkoleniowy "Relax" ul. Stroma 20, 43-450 Ustron"]
[Date "2011-06-27"]
[Round "2.11"]
[White "Krupa, Anna"]
[Black "Chenska, Karolina"]
[Result "1-0"]
[WhiteTitle "I++"]
[BlackTitle "I"]
[WhiteElo "1899"]
[BlackElo "1662"]

1. d4 d5 2. Bg5 h6 3. Bh4 c5 4. e3 Qb6 5. b3 Bf5 6. Nf3 Nc6 7. Bd3 Bxd3 8. Qxd3
e6 9. O-O Be7 10. Bg3 Nf6 11. Nc3 O-O 12. dxc5 Qxc5 13. a3 Rac8 14. b4 Nxb4 15.
axb4 Qxc3 16. Rxa7 Bxb4 17. Rxb7 Ne4 18. Be5 Qa3 19. Ra1 Qxd3 20. cxd3 Bc3 21.
Bxc3 Nxc3 22. g3 f6 23. Raa7 Rfd8 24. Rxg7+ Kh8 25. Nh4 Ne2+ 26. Kg2 1-0

[Event "Druzynowe Mistrzostwa Polski Juniorow - Ekstraliga"]
[Site "Osrodek Wczasowo - Szkoleniowy "Relax" ul. Stroma 20, 43-450 Ustron"]
[Date "2011-06-27"]
[Round "2.12"]
[White "Lachowicz, Judyta"]
[Black "Konopacka, Martyna"]
[Result "1/2-1/2"]
[WhiteTitle "I"]
[BlackTitle "II+"]
[WhiteElo "1695"]
[BlackElo "1646"]

1. d4 d5 2. c4 e6 3. Nc3 c5 4. Nf3 Nc6 5. Bf4 Nf6 6. e3 a6 7. Bd3 dxc4 8. Bxc4
cxd4 9. exd4 Bb4 10. O-O O-O 11. a3 Ba5 12. b4 Bc7 13. Bg5 Bd6 14. Re1 Be7 15.
Qd3 h6 16. Bh4 Nh7 17. Bxe7 Nxe7 18. d5 b5 19. Bb3 exd5 20. Nxd5 Nxd5 21. Qxd5
Bg4 22. Ne5 Nf6 23. Qxd8 Raxd8 24. Ng6 Rfe8 25. f3 Be6 26. Bxe6 fxe6 27. Ne5 Rd6
28. Rac1 Nd5 29. Re2 Nf4 30. Re4 Nd5 31. Nd3 Nf6 32. Re3 Nd5 33. Re5 Kf7 34. Nc5
Rc6 35. Rd1 a5 36. Nxe6 axb4 37. axb4 Rcxe6 38. Rexd5 Re5 39. Kf2 Kf6 40. R1d4
Re2+ 41. Kg3 R2e5 42. Rxe5 Rxe5 43. f4 Re3+ 44. Kf2 Rb3 45. g4 g5 46. Ke2 Ke6
47. Kf2 Rb2+ 48. Kg3 Rb3+ 49. Kf2 Rb2+ 50. Kg3 1/2-1/2

[Event "Druzynowe Mistrzostwa Polski Juniorow - Ekstraliga"]
[Site "Osrodek Wczasowo - Szkoleniowy "Relax" ul. Stroma 20, 43-450 Ustron"]
[Date "2011-06-27"]
[Round "2.13"]
[White "Lapaj, Mateusz"]
[Black "Popiol, Michal"]
[Result "1-0"]
[WhiteTitle "I+"]
[BlackTitle "II"]
[WhiteElo "2021"]
[BlackElo "1821"]

1. e4 e6 2. d4 d5 3. Nc3 Nf6 4. e5 Nfd7 5. f4 c5 6. Nf3 Nc6 7. Be3 cxd4 8. Nxd4
Bc5 9. Qd2 O-O 10. O-O-O a6 11. h4 Qc7 12. h5 b5 13. Nxc6 Qxc6 14. Ne2 Nb6 15.
Bxc5 Qxc5 16. Nd4 Nc4 17. Bxc4 bxc4 18. c3 Rb8 19. Kb1 Bd7 20. Qe3 Rb5 21. Qg3
Ra5 22. h6 g6 23. Qh4 f6 24. Rd2 Qe7 25. Re1 Rb8 26. Qxf6 Qxf6 27. exf6 Kf7 28.
Rde2 Re8 29. g4 Kxf6 30. f5 gxf5 31. g5+ Kxg5 32. Rg2+ Kf6 33. Rg7 Bc8 34. Rxh7
e5 35. Nf3 f4 36. Ka1 Rb5 37. Nxe5 Bf5 38. Ng4+ Kg6 39. Rg7+ 1-0

[Event "Druzynowe Mistrzostwa Polski Juniorow - Ekstraliga"]
[Site "Osrodek Wczasowo - Szkoleniowy "Relax" ul. Stroma 20, 43-450 Ustron"]
[Date "2011-06-27"]
[Round "2.14"]
[White "Tomsia, Kamil"]
[Black "Szolc, Grzegorz"]
[Result "1/2-1/2"]
[WhiteTitle "I+"]
[BlackTitle "II"]
[WhiteElo "2090"]
[BlackElo "1733"]

1. d4 f5 2. Bg5 c6 3. e3 g6 4. Nf3 Bg7 5. h4 h6 6. Bf4 d6 7. Bd3 Nf6 8. Nc3 Be6
9. e4 fxe4 10. Nxe4 Nxe4 11. Bxe4 Bf5 12. Bxf5 Qa5+ 13. Qd2 Qxd2+ 14. Kxd2 gxf5
15. Rae1 Kf7 16. h5 Bf6 17. Kd3 Nd7 18. Re3 Rad8 19. Ke2 Nb6 20. Bg3 Nd5 21. Ra3
a6 22. c4 Nc7 23. Nh4 Ne6 24. Nxf5 Nxd4+ 25. Nxd4 Bxd4 26. Rf3+ Bf6 27. Bh4 d5
28. c5 Kg7 29. Bxf6+ exf6 30. Rh4 Rde8+ 31. Kd3 Re5 32. Rb4 Rb8 33. g4 Re7 34.
Re3 Rxe3+ 35. Kxe3 Re8+ 36. Kf4 Re7 37. f3 Kf7 38. Rb6 Kg7 39. a4 Kf7 40. Rb3
Kg7 41. Kg3 Kf7 42. Kf4 1/2-1/2

[Event "Druzynowe Mistrzostwa Polski Juniorow - Ekstraliga"]
[Site "Osrodek Wczasowo - Szkoleniowy "Relax" ul. Stroma 20, 43-450 Ustron"]
[Date "2011-06-27"]
[Round "2.15"]
[White "Rosicki, Marcin"]
[Black "Snihur, Piotr"]
[Result "0-1"]
[WhiteTitle "II"]
[BlackTitle "I"]
[WhiteElo "1603"]
[BlackElo "1859"]

1. e4 c5 2. Nc3 Nc6 3. Bb5 d6 4. d4 cxd4 5. Qxd4 Bd7 6. Bxc6 bxc6 7. f4 c5 8. Qd3
e6 9. Nf3 Be7 10. O-O Bc6 11. Rd1 Qd7 12. Qa6 Qc8 13. Qe2 Qb7 14. a4 a6 15. b3
Nf6 16. e5 Bxf3 17. Qxf3 Qxf3 18. gxf3 dxe5 19. fxe5 Nd7 20. f4 O-O-O 21. Be3
g5 22. Ne4 gxf4 23. Bxf4 Rhg8+ 24. Kf2 Rdf8 25. Nd6+ Kc7 26. Bh6 Nxe5 27. Bxf8
Rxf8 28. Ne4 f5 29. Nd2 Ng4+ 30. Kf3 Nxh2+ 31. Kg2 Ng4 32. Re1 e5 33. Nc4 e4 34.
Ne3 Nxe3+ 35. Rxe3 Bg5 36. Re2 Re8 37. Rae1 Kd6 38. c4 Bf6 39. Rd1+ Bd4 40. b4
f4 41. Red2 Kc6 42. Rxd4 cxd4 43. Rxd4 f3+ 44. Kf1 h5 45. Rd5 e3 46. Rf5 e2+ 47.
Ke1 Re3 48. b5+ axb5 49. cxb5+ Kb6 50. Rf6+ Ka5 51. b6 Rd3 0-1

[Event "Druzynowe Mistrzostwa Polski Juniorow - Ekstraliga"]
[Site "Osrodek Wczasowo - Szkoleniowy "Relax" ul. Stroma 20, 43-450 Ustron"]
[Date "2011-06-27"]
[Round "2.16"]
[White "Mirski, Michal"]
[Black "Erdmann, Krzysztof"]
[Result "1-0"]
[WhiteTitle "II+"]
[BlackTitle "II"]
[WhiteElo "1787"]
[BlackElo "1597"]

1. e4 e5 2. Nf3 Nc6 3. Bc4 Be7 4. O-O Nf6 5. Re1 O-O 6. d3 d6 7. c3 Na5 8. Bb5
a6 9. Ba4 b5 10. Bc2 c5 11. Nbd2 Bg4 12. Nf1 Re8 13. h3 Be6 14. Ng3 Nd7 15. d4
exd4 16. cxd4 Nb6 17. d5 Bd7 18. Qd3 c4 19. Qd1 Bf6 20. Nd4 Nb7 21. Be3 Nc5 22.
Bf4 Be5 23. Bxe5 dxe5 24. Ndf5 Bxf5 25. Nxf5 Nba4 26. Rb1 c3 27. b4 Nb2 28. Rxb2
cxb2 29. bxc5 Qa5 30. Qb1 Kf8 31. Rd1 Qc3 32. c6 Red8 33. Rd3 Qa5 34. Rb3 g6 35.
Ne3 Qc7 36. Qxb2 Qd6 37. Qa3 Qxa3 38. Rxa3 a5 39. Rb3 b4 40. Rb2 Rdb8 41. Ba4
Ke7 42. Nc4 Rc8 43. d6+ Ke6 44. c7 f5 45. exf5+ gxf5 46. Rd2 1-0

[Event "Druzynowe Mistrzostwa Polski Juniorow - Ekstraliga"]
[Site "Osrodek Wczasowo - Szkoleniowy "Relax" ul. Stroma 20, 43-450 Ustron"]
[Date "2011-06-27"]
[Round "2.17"]
[White "Rudol, Maria"]
[Black "Mucha, Magdalena"]
[Result "0-1"]
[WhiteTitle "II"]
[BlackTitle "WCM"]
[WhiteElo "1462"]
[BlackElo "1835"]

1. c4 f5 2. Nc3 Nf6 3. g3 g6 4. Bg2 Bg7 5. e3 d6 6. Nge2 O-O 7. O-O e5 8. d4 Qe8
9. b3 Nc6 10. Rb1 h6 11. Bb2 a6 12. Nd5 Qd8 13. dxe5 dxe5 14. Nxf6+ Qxf6 15. Nf4
Kh7 16. Nd5 Qf7 17. Qe2 Be6 18. Rfd1 Rad8 19. Rd2 e4 20. Bxg7 Kxg7 21. Nf4 g5
22. Nxe6+ Qxe6 23. Bf1 Rxd2 24. Qxd2 Rd8 25. Qc3+ Qe5 26. Qe1 Qd6 27. Qc3+ Kg6
28. Rb2 Qd1 29. Kg2 Qf3+ 30. Kg1 Qd1 31. Qc2 Ne5 32. Qxd1 Rxd1 33. Kg2 Nf3 34.
a4 Kf6 35. h3 g4 36. h4 Ke5 37. b4 Ra1 38. a5 Kd6 39. Rc2 Ne1+ 40. Kh2 Nxc2 41.
Bg2 Nxb4 42. h5 Rxa5 43. c5+ Rxc5 44. Bf1 Rc2 45. Kg1 Nd3 46. Bxd3 exd3 47. e4
d2 48. e5+ Kxe5 49. f4+ Ke4 50. Kf1 d1# 0-1

[Event "Druzynowe Mistrzostwa Polski Juniorow - Ekstraliga"]
[Site "Osrodek Wczasowo - Szkoleniowy "Relax" ul. Stroma 20, 43-450 Ustron"]
[Date "2011-06-27"]
[Round "2.19"]
[White "Sadzikowski, Daniel"]
[Black "Strzemiecki, Zbigniew"]
[Result "1/2-1/2"]
[WhiteTitle "FM"]
[BlackTitle "FM"]
[WhiteElo "2374"]
[BlackElo "2422"]

1. d4 Nf6 2. c4 e6 3. Nf3 b6 4. g3 Bb7 5. Bg2 Be7 6. O-O O-O 7. Nc3 Ne4 8. Bd2
f5 9. d5 Bf6 10. Rc1 Na6 11. a3 Nac5 12. b4 Nxc3 13. Bxc3 Ne4 14. Bxf6 Qxf6 15.
Qd4 Qe7 16. Rfd1 d6 17. dxe6 Rae8 18. Ne1 Qxe6 19. Nd3 Qc8 20. Nf4 Re5 21. e3
Kh8 22. h4 Nf6 23. Bxb7 Qxb7 24. c5 Re4 25. Qc3 dxc5 26. bxc5 Ree8 27. h5 Ne4
28. Qb2 Rf6 29. cxb6 cxb6 30. Nd5 Rc6 31. h6 Nc5 32. hxg7+ Qxg7 33. Qxg7+ Kxg7
34. Nf4 Rec8 35. Rd5 Kf6 36. Kg2 Ne6 37. Rh1 Nxf4+ 38. gxf4 Kg6 39. Kf3 h6 40.
Rg1+ Kf6 41. Rh1 Kg6 42. Re5 R8c7 43. Rg1+ Kf6 44. Rd1 Re6 45. Red5 Rc5 46. Rd7
Re7 47. R7d6+ Re6 48. Rd8 Ra5 49. Rh8 Kg7 50. Rc8 Re7 51. Rd3 Rf7 52. Kg3 Kh7
53. Rc6 Kg7 54. f3 Re7 55. Kh4 Rc5 56. Rcd6 Rc1 57. Rd7 Kf7 58. R3d5 Rc5 59. Rd3
Rc1 60. Rxe7+ Kxe7 61. Kh5 Kf6 62. Rd6+ Ke7 63. Rd3 Kf6 64. Rd6+ 1/2-1/2

[Event "Druzynowe Mistrzostwa Polski Juniorow - Ekstraliga"]
[Site "Osrodek Wczasowo - Szkoleniowy "Relax" ul. Stroma 20, 43-450 Ustron"]
[Date "2011-06-27"]
[Round "2.20"]
[White "Krzyzanowski, Marcin"]
[Black "Lewicki, Miroslaw"]
[Result "1-0"]
[WhiteTitle "m"]
[BlackTitle "CM"]
[WhiteElo "2370"]
[BlackElo "2196"]

1. e4 c5 2. Nf3 d6 3. d4 cxd4 4. Nxd4 Nf6 5. Nc3 a6 6. Be3 e6 7. f3 Qc7 8. Qd2
Nc6 9. O-O-O Be7 10. g4 b5 11. Nxc6 Qxc6 12. Ne2 Nd7 13. Nd4 Qc7 14. g5 Nb6 15.
h4 d5 16. e5 Bb7 17. h5 Nc4 18. Bxc4 dxc4 19. g6 Qxe5 20. gxf7+ Kxf7 21. h6 g6
22. Bf4 Qd5 23. Qe3 Rhe8 24. Be5 Kg8 25. Rdg1 Bd6 26. Rg5 Rf8 27. Re1 Rae8 28.
f4 Bc5 29. Qg3 Kf7 30. Bg7 Qd6 31. Bxf8 Qxf8 32. Nf3 Bxf3 33. Qxf3 Be7 34. Rge5
Bf6 35. R5e4 Qxh6 36. Qa3 Qf8 37. Qh3 Kg7 38. Rxe6 Rd8 39. Rh1 h5 40. Rxa6 Qc5
41. Rxf6 Kxf6 42. Qh4+ g5 43. Qxh5 Rg8 44. Kb1 Qf5 45. fxg5+ Rxg5 46. Qh8+ Ke6
47. Qe8+ Kf6 48. Qf8+ Ke5 49. Re1+ Kd5 50. Qd8+ Kc6 51. Qa8+ Kb6 52. Qb8+ Kc6
53. Qa8+ Kb6 54. a3 Rg7 55. Qd8+ Kc6 56. Rd1 Qe6 57. Qa8+ Kb6 58. Qd8+ Kc6 59.
Qa8+ Kb6 60. Rd8 Rb7 61. Re8 Qd6 62. Rd8 Qe6 63. Rf8 Qd6 64. Rh8 Qf6 65. Rg8 Qd6
66. Re8 Qd7 67. Re5 Ra7 68. Qf3 Rc7 69. Qh5 Qc6 70. Qg5 Rd7 71. Qe3+ Ka6 72. Ka2
Rd5 73. Re6 Rd6 74. Re7 Rd7 75. Re8 Kb7 76. Qe5 Kb6 77. Re6 1-0

[Event "Druzynowe Mistrzostwa Polski Juniorow - Ekstraliga"]
[Site "Osrodek Wczasowo - Szkoleniowy "Relax" ul. Stroma 20, 43-450 Ustron"]
[Date "2011-06-27"]
[Round "2.21"]
[White "Ulanowski, Karol"]
[Black "Jarmula, Lukasz"]
[Result "0-1"]
[WhiteTitle "I"]
[BlackTitle "I+"]
[WhiteElo "1949"]
[BlackElo "1871"]

1. e4 c5 2. Nf3 d6 3. d4 cxd4 4. Nxd4 Nf6 5. Nc3 a6 6. Bg5 e6 7. Qf3 Be7 8. O-O-O
Nbd7 9. Be2 Qc7 10. Qg3 b5 11. Bxb5 axb5 12. Ndxb5 Qb8 13. Nxd6+ Bxd6 14. Rxd6
O-O 15. Rhd1 Ra6 16. e5 Rxd6 17. Rxd6 Ne8 18. Rd1 f6 19. exf6 Qxg3 20. hxg3 Nexf6
21. a4 Bb7 22. f3 Nd5 23. Ne4 h6 24. Bd2 N7b6 25. b3 Nf6 26. Nc5 Bc8 27. c4 Kf7
28. Nd3 Nbd7 29. a5 Bb7 30. Kb2 e5 31. b4 Rc8 32. Rc1 e4 33. fxe4 Bxe4 34. Nf4
g5 35. Ne2 Ne5 36. Kb3 Nxc4 37. Bc3 Bd5 38. Ka4 Nd6 39. Rb1 Bxg2 40. a6 Bf3 41.
Bxf6 Bxe2 42. Be5 Bb5+ 43. Ka5 Bd3 44. Bxd6 Bxb1 45. a7 Ke6 46. Bb8 Be4 47. b5
Kd7 48. Ka6 Ba8 49. Kb6 h5 0-1

[Event "Druzynowe Mistrzostwa Polski Juniorow - Ekstraliga"]
[Site "Osrodek Wczasowo - Szkoleniowy "Relax" ul. Stroma 20, 43-450 Ustron"]
[Date "2011-06-27"]
[Round "2.22"]
[White "Maciejewski, Andrzej"]
[Black "Drop, Szymon"]
[Result "0-1"]
[WhiteTitle "I"]
[BlackTitle "II"]
[WhiteElo "1747"]
[BlackElo "1612"]

1. e4 e5 2. Nf3 Nc6 3. Bb5 Bc5 4. O-O Nf6 5. Nxe5 Nxe5 6. d4 c6 7. Ba4 Bd6 8. dxe5
Bxe5 9. f4 Qb6+ 10. Kh1 Bxb2 11. Bxb2 Qxb2 12. Nd2 Qd4 13. Bb3 O-O 14. e5 Nd5
15. Bxd5 Qxd5 16. Nb3 Qc4 17. Rc1 b6 18. Qd6 c5 19. f5 Qe4 20. Nd2 Qc6 21. Qd3
Bb7 22. Qg3 f6 23. Rce1 Rae8 24. Nc4 Ba6 25. Rf4 Bxc4 26. Rxc4 fxe5 27. Rxe5 d5
28. Rg4 Qf6 29. Rxe8 Rxe8 30. h3 Qa1+ 31. Kh2 Qe5 32. Rg5 h6 33. Rg6 Kf7 34. h4
Qxg3+ 35. Rxg3 Re2 36. Ra3 Rxc2 37. Rxa7+ Kf6 38. Kg3 Kxf5 0-1

[Event "Druzynowe Mistrzostwa Polski Juniorow - Ekstraliga"]
[Site "Osrodek Wczasowo - Szkoleniowy "Relax" ul. Stroma 20, 43-450 Ustron"]
[Date "2011-06-27"]
[Round "2.23"]
[White "Chrzaszcz, Malvina"]
[Black "Gluszko, Monika"]
[Result "1-0"]
[WhiteTitle "k"]
[BlackTitle "I++"]
[WhiteElo "2046"]
[BlackElo "2040"]

1. e4 c5 2. Nf3 Nc6 3. d4 cxd4 4. Nxd4 Nf6 5. Nc3 d6 6. Be2 e5 7. Nf3 h6 8. O-O
Be7 9. Re1 O-O 10. h3 a6 11. Bf1 Be6 12. Nd5 Bxd5 13. exd5 Nb8 14. c4 Nbd7 15.
Be3 a5 16. b3 Nh7 17. a3 f5 18. b4 b6 19. Rc1 axb4 20. axb4 Ng5 21. Bxg5 Bxg5
22. Nxg5 Qxg5 23. Rc3 Ra2 24. Qb3 Rfa8 25. Rg3 Qf6 26. c5 f4 27. Rc3 Qh4 28. Rc2
R2a3 29. Qb2 bxc5 30. Bb5 Nf6 31. bxc5 f3 32. cxd6 fxg2 33. Rc8+ Kh7 34. Qc2+
e4 35. Bd7 Qf4 36. Rxa8 Rxa8 37. Be6 Qe5 38. d7 Qd6 39. Qc6 Qa3 40. Bf5+ Kh8 41.
Qc8+ Qf8 42. Rc1 g6 43. Qxa8 1-0

[Event "Druzynowe Mistrzostwa Polski Juniorow - Ekstraliga"]
[Site "Osrodek Wczasowo - Szkoleniowy "Relax" ul. Stroma 20, 43-450 Ustron"]
[Date "2011-06-27"]
[Round "2.24"]
[White "Pastuszko, Kinga"]
[Black "Kasperek, Kinga"]
[Result "1-0"]
[WhiteTitle "I++"]
[BlackTitle "II+"]
[WhiteElo "1862"]
[BlackElo "1493"]

1. e4 c5 2. Nf3 Nc6 3. d4 cxd4 4. Nxd4 Nf6 5. Nc3 g6 6. Nxc6 bxc6 7. e5 Ng8 8.
Bc4 Bg7 9. Qf3 f5 10. Bf4 e6 11. O-O-O Qc7 12. Bb3 Ne7 13. Nb5 Qb6 14. Nd6+ Kf8
15. h4 h5 16. Nxc8 Rxc8 17. Rxd7 Nd5 18. Bxd5 cxd5 19. Qa3+ Qc5 20. Rxa7 Kg8 21.
Qxc5 Rxc5 22. Ra8+ Kf7 23. Rxh8 Bxh8 24. b3 d4 25. Kd2 Bxe5 26. Bxe5 Rxe5 27.
a4 Ke7 28. b4 Kd6 29. Rb1 Kc6 30. b5+ Kb7 31. a5 Rd5 32. f4 Rd8 33. a6+ Kb6 34.
Kd3 Rd7 35. Rb4 Kc5 36. b6 1-0